Представление документа в формате RUSMARC

ПолеНазваниеЗначение
  Тип записи a
  Библиографический уровень m
001 Контрольный номер RU/CBS_UL/BASE/5986e9058c2e40b397408e9851da13a0
005 Дата корректировки 20250820135053.8
010 Индекс ISBN __
a ISBN 978-5-370-05375-7
b Уточнения в пер.
d Цена 437 р. 25 к.
9 Тираж 1 500 экз.
100 Данные общей обработки __
a Данные общей обработки 20250820d 0rusy0189## ca
101 Язык документа 0_
a Язык текста rus
102 Страна публикации __
a Страна публикации RU
200 Заглавие и сведения об ответственности 1_
a Заглавие Пространственные построения в живописи
f Первые сведения об ответственности Б. В. Раушенбах
210 Выходные данные 1_
a Место издания Москва
210 Выходные данные 1_
a Место издания Санкт-Петербург
c Издательство Омега-Л
c Издательство Т8 Издательские технологии
c Издательство Пальмира
d Дата издания 2024
215 Физическое описание __
a Объем 405, [3] с.
d Формат 21,5 см.
c Иллюстрации/тип воспроизводства ил.
225 Серия 2_
a Серия Пальмира - искусство
300 Общие примечания __
a Общие примечания 12+
606 Тематические рубрики 0_
a Основная рубрика Живопись
610 Ключевые слова 0_
a Ключевые слова живопись; художники средневековые; история живописи; иконопись; пространство; искусство изобразительное
686 Индексы других классификаций __
2 Код системы rubbk
a Классификационный индекс 85.14
700 Автор _1
a Фамилия Раушенбах
b Имя (инициалы) Б. В.
g Полное личное имя Борис Викторович
801 Источник записи _0
a Страна RU
b Организация МБУК ЦБС г. Ульяновска
c Дата составления 20250820
g Правила каталогизации RCR
801 Источник записи _1
a Страна RU
b Организация МБУК ЦБС г. Ульяновска
c Дата составления 20250820
g Правила каталогизации RCR
852 Данные о местонахождении __
i Авторский знак Р 25
j Шифр хранения 85.14
900 Электронные ресурсы __
a Имя электронного ресурса пр пос
901 Тип документа __
t Тип документа m
909 Создатель записи __
a Создатель записи obr4
b Дата создания записи 20250820